000 00573nam a2200205Ia 4500
005 20250508160932.0
008 008 250505s9999 xx 000 0 eng d
037 _aTextual
040 _aFEDL
_beng
_cFEDL
041 _aeng
_2eng
084 _a370.154, MEH
_qFEDL
100 _aMehta Prayag
245 0 _aManaging motivation in education
260 _aAhmedabad, India
_bSahitya Mudranalaya
_c1976
300 _a242p.
365 _aINR
_b60
650 _aEducation - Motivation
_9769789
942 _cTEXL
_h370.154, MEH
999 _c1367492
_d1367492